The right to be human : a biography of Abraham Maslow / (Record no. 9059)

MARC details
000 -LEADER
fixed length control field 00948cac a22002531u 4500
090 ## - LOCALLY ASSIGNED LC-TYPE CALL NUMBER (OCLC); LOCAL CALL NUMBER (OCLC)
-- 9059
008 - FIXED-LENGTH DATA ELEMENTS--GENERAL INFORMATION
fixed length control field 081105t1999 xxu||||| |||| 00| 0 eng d
010 ## - LIBRARY OF CONGRESS CONTROL NUMBER
LC control number 98055909
020 ## - INTERNATIONAL STANDARD BOOK NUMBER
International Standard Book Number 0071342672 (alk. paper)
082 00 - DEWEY DECIMAL CLASSIFICATION NUMBER
Classification number 150.92
-- B
Item number HOF
100 ## - MAIN ENTRY--PERSONAL NAME
Personal name Hoffman, Edward,
245 14 - TITLE STATEMENT
Title The right to be human : a biography of Abraham Maslow /
Statement of responsibility, etc Edward Hoffman.
250 ## - EDITION STATEMENT
Edition statement Rev. and updated
260 ## - PUBLICATION, DISTRIBUTION, ETC. (IMPRINT)
Place of publication, distribution, etc New York :
Name of publisher, distributor, etc McGraw-Hill,
Date of publication, distribution, etc c1999.
300 ## - PHYSICAL DESCRIPTION
Extent xvi, 377 p. :
Other physical details ill. ;
Dimensions 23 cm.
500 ## - GENERAL NOTE
General note Originally published: Los Angeles : J.P. Tarcher ; New York : Distributed by St. Martin's Press, c1988.
500 ## - GENERAL NOTE
General note Distributer: Al-Ahram.
504 ## - BIBLIOGRAPHY, ETC. NOTE
Bibliography, etc Includes bibliographical references (p. 331-343) and index.
511 ## - PARTICIPANT OR PERFORMER NOTE
Participant or performer note Catalogued By: Mahitab.
600 10 - SUBJECT ADDED ENTRY--PERSONAL NAME
Personal name Maslow, Abraham H.
650 #0 - SUBJECT ADDED ENTRY--TOPICAL TERM
Topical term or geographic name as entry element Psychologists
Geographic subdivision United States
General subdivision Biography.
942 ## - ADDED ENTRY ELEMENTS (KOHA)
Item type Book - Borrowing
Call number prefix 150.92HOF
Source of classification or shelving scheme Dewey Decimal Classification
Holdings
Withdrawn status Item status Damaged status Not for loan Home library Current library Shelving location Date acquired Source of acquisition Total Checkouts Total Renewals Full call number Barcode Date last seen Date last borrowed Koha item type
        Central Library Central Library Lower Floor 08/04/2008 Purchase 3 7 150.92HOF 000010890 15/07/2025 27/09/2018 Book - Borrowing